000 00741nam a2200277 i 4500
001 C2-0067826
003 PPAK
005 20190630222126.0
008 970313s1995 my a|||| ||||| | may d
020 _a9830230694
040 _aPPAK
_beng
_cPPAK
_erda
082 0 4 _a796.315
_223
090 0 0 _a796.315
_bHAN
_dK
090 0 0 _a796.315
_bHAN
_dRK
100 0 _aHanif Hanafi,
_eauthor
245 1 0 _aBoling padang
264 1 _aKuala Lumpur :
_bPustaka Cita Tinggi ,
_c1995
300 _a42 pages :
_billustrations ;
_c21 cm
336 _2rdacontent
_atext
337 _2rdamedia
_aunmediated
338 _2rdacarrier
_avolume
490 1 _aSiri Malaysia Cergas
650 1 0 _aBowling
830 0 _aSiri Malaysia Cergas
942 _ddc
_cB
999 _c7732
_d7732